000 00309nam a22001337a 4500
008 170614b xxu||||| |||| 00| 0 eng d
020 _a0432000605
041 _aeng
080 _a32
100 _a19
101 _aSHP
245 _aTHE LEGISLATIVE PROCESS IN GREAT BRITAIN
_cWALKLAND,S.A
942 _2udc
_cBK
999 _c17315
_d17315